| 000 | 00643cam a2200217 a 4500 | ||
|---|---|---|---|
| 001 | 668378 | ||
| 005 | 20250129234949.0 | ||
| 008 | 950112s1988 ii 000 0 eng | ||
| 020 | _a8170901146 | ||
| 040 |
_aDLC _cDLC _dDLC |
||
| 082 |
_222 _a954 _bHIS |
||
| 100 | 1 | _aSivagnanam, po. ma. Dr | |
| 245 | 1 | 0 |
_aHistory of freedom movement in Tamil Nadu _bVidutalai poril Tamilakam _cby Ma. Po. Sivagnanam ; translation by K. Chellappan. |
| 250 | _a1st. | ||
| 260 |
_aThanjavur : _bTamil University, _c1988. |
||
| 300 | _axvi, 371 p. ; | ||
| 490 | 1 | _aTamil University publication ; | |
| 650 | 0 | _aNationalism | |
| 650 | 0 | _aHistory | |
| 942 | _cL | ||
| 999 |
_c5969 _d5969 |
||